000 00911nam a22002897a 4500
003 CHAP
005 20220329135521.0
008 971013s r 00010 d
010 _a37922
011 _a38894
035 _a43014
040 _cCHAP
082 _a631
_bQ8
100 0 0 _aQuintana Rodríguez, Rodolfo.
_993369
245 _aLibreta de administración rural ; región central
260 _a(Chapingo, Méx.) :
_bServicio de Extensión Agrícola,
_c(s.a.)
300 _a(s.p.)
590 _aBATCH-UPD
_b10
_c20130110
_lUCH01
_h2018
590 _aBATCH-UPD
_b10
_c20130410
_lUCH01
_h1336
590 _aBATCH-UPD
_b10
_c20130914
_lUCH01
_h1304
590 _aCONVERSION
_b10
_c20130109
_lUCH01
_h1321
650 1 4 _aAgricultura
_xContabilidad.
_91378
650 1 4 _aEmpresas agropecuarias.
_936649
901 _aBK
942 _cLIBRO
949 _a631 Q8
_bBC
_cLIBRO
_d33724000051009
_eLIBRO
_h41607
_i43014
_si
999 _c37922
_d37922